000 00686nam a2200229Ia 4500
005 20230630114608.0
008 131103s9999 xx 000 0 und d
040 _aLoreto College
041 _aEnglish
082 _a942.082
_bMAR
100 _aMarriott,J.A.R.
245 _aModern England 1885 - 1945
_b a history of my own times
_cJ.A.R. Marriott
250 _a4th ed.
260 _aLondon
_bMethuen & Co.
_c1948 (1960 printing)
300 _axix,591 p.
_b ill.,maps
440 _aA History Of England; No. 8
504 _aIncludes bibliographical references and index
650 _aEngland - History,1885 - 1945
700 _aOman,Charles
850 _aLCLIB
942 _cBK
999 _c8346
_d58825